Marketingový mix priemyselného podniku diplomová práca

Enregistré dans:
Détails bibliographiques
Auteur principal: Braxatorisová, Dominika
Collectivité auteur: Obchodná fakulta EU. Katedra marketingu
Autres auteurs: Kita, Jaroslav
Format: Livre
Langue:slovaque
Publié: Bratislava 2020
Tags: Ajouter un tag
Pas de tags, Soyez le premier à ajouter un tag!

MARC

LEADER 00000nbm a2200000 4500
001 0266376
005 20201006134210.8
041 0 |a slo 
044 |a SK 
245 1 0 |a Marketingový mix priemyselného podniku  |b diplomová práca  |c Dominika Braxatorisová ; školiteľ: Jaroslav Kita 
264 1 |a Bratislava  |c 2020 
300 |a 67 s. 
100 1 |a Braxatorisová, Dominika 
700 1 |a Kita, Jaroslav 
710 2 |a Obchodná fakulta EU. Katedra marketingu